[Event "27th Budapest Spring Festival"]
[Site "Budapest, Hungary"]
[Date "2011.03.20"]
[Round "4"]
[White "Zilahi, Gabor"]
[Black "Horvath, David"]
[Result "0-1"]
[WhiteElo "2004"]
[BlackElo "2309"]
[PlyCount "76"]
[EventDate "2011.??.??"]

1. d4 d5 2. Nf3 g6 3. g3 Bg7 4. Bg2 Nf6 5. O-O O-O 6. c4 c6 7. cxd5 Nxd5 8. Nc3
Nb6 9. e3 N8d7 10. Qe2 e5 11. Rd1 exd4 12. Nxd4 Qe7 13. a4 Nc5 14. Qc2 a5 15.
b3 Na6 16. Ba3 Nb4 17. Qe2 Rd8 18. Rac1 c5 19. Ndb5 Be6 20. Rxd8+ Rxd8 21. Ne4
Bxb3 22. Nxc5 Bc4 23. Rxc4 Nxc4 24. Qxc4 Rc8 25. Bxb4 axb4 26. Qxb4 Rxc5 27.
Bf1 Bf8 28. Qb3 Rc1 29. Nc3 Qe5 30. Ne2 Re1 31. Nd4 Qe4 32. Qc4 h5 33. h4 Ra1
34. Kh2 b6 35. Bg2 Qb1 36. Nc6 Qg1+ 37. Kh3 Qxf2 38. Nd8 Bd6 0-1

[Event "27th Budapest Spring Festival"]
[Site "Budapest, Hungary"]
[Date "2011.03.21"]
[Round "5"]
[White "Bach, Matthias"]
[Black "Toth, Ervin"]
[Result "1/2-1/2"]
[WhiteElo "2290"]
[BlackElo "2424"]
[PlyCount "115"]
[EventDate "2011.??.??"]

1. d3 Nf6 2. Nd2 d5 3. g3 g6 4. b3 Bg7 5. Bb2 O-O 6. Bg2 c5 7. e3 Nc6 8. Ne2
Qc7 9. h3 e5 10. a3 Rd8 11. g4 d4 12. e4 Rb8 13. Nf1 b5 14. Bc1 h5 15. Bg5 Ne7
16. Bxf6 Bxf6 17. gxh5 gxh5 18. Rg1 Ng6 19. Neg3 h4 20. Nh5 Qe7 21. Nh2 Bg5 22.
Bf3 Kh7 23. Bg4 Bf4 24. Nf3 Bxg4 25. Rxg4 Bh6 26. Nh2 Rb6 27. Qf3 Rg8 28. Qf5
Qe6 29. Nf3 Qxf5 30. exf5 Nf4 31. Nxf4 Rxg4 32. hxg4 Bxf4 33. Ke2 h3 34. Nd2 h2
35. Ne4 Rc6 36. Rh1 c4 37. bxc4 bxc4 38. Kf3 cxd3 39. cxd3 Rc3 40. Ng3 Bxg3 41.
Kxg3 Rxd3+ 42. Kh4 Kg7 43. f4 exf4 44. Rxh2 Kf6 45. Rf2 f3 46. Kg3 Kg5 47. Rb2
f2+ 48. Kxf2 Rxa3 49. Rb7 Kxg4 50. Rxf7 Ra2+ 51. Ke1 Kg5 52. f6 Ra6 53. Kd2 Kg6
54. Rf8 Ra4 55. Kd3 Rb4 56. Rd8 Kxf6 57. Rxd4 Rxd4+ 58. Kxd4 1/2-1/2

[Event "27th Budapest Spring Festival"]
[Site "Budapest, Hungary"]
[Date "2011.03.21"]
[Round "5"]
[White "Lengyel, Bela"]
[Black "Kantor, Gergely"]
[Result "0-1"]
[WhiteElo "2296"]
[BlackElo "2147"]
[PlyCount "142"]
[EventDate "2011.??.??"]

1. e4 e6 2. d4 d5 3. Nc3 Nf6 4. Bg5 Bb4 5. e5 h6 6. Bd2 Bxc3 7. bxc3 Ne4 8. Qg4
Kf8 9. h4 c5 10. Bd3 Nxd2 11. Kxd2 c4 12. Be2 Nc6 13. Nf3 b5 14. a3 a5 15. Qf4
Bd7 16. Qe3 Rb8 17. Rhb1 Qe7 18. h5 Be8 19. g3 Kg8 20. Nh4 Kh7 21. f4 Bd7 22.
Nf3 b4 23. axb4 axb4 24. cxb4 Rxb4 25. Rxb4 Qxb4+ 26. Qc3 Qb6 27. Bd1 Rb8 28.
Ra3 Rc8 29. Kc1 Nb4 30. Kd2 Nc6 31. Ke3 f6 32. Qa1 fxe5 33. fxe5 Rf8 34. c3 Be8
35. Bc2+ Kg8 36. Ra8 Qb7 37. Bg6 Bxg6 38. Rxf8+ Kxf8 39. hxg6 Qa7 40. Qf1 Ke8
41. Qh3 Nd8 42. Ng1 Qa1 43. Ne2 Qb1 44. Qh5 Qe4+ 45. Kf2 Nc6 46. Nf4 Qc2+ 47.
Kf1 Qc1+ 48. Kg2 Qc2+ 49. Kh3 Nd8 50. Qf3 Qf5+ 51. g4 Qf8 52. Kg3 Qe7 53. Nh5
Qc7 54. Qf4 Nc6 55. g5 hxg5 56. Qxg5 Qe7 57. Qg4 Nd8 58. Nf4 Qa3 59. Qf3 Qc1
60. Kg4 Qg1+ 61. Qg3 Qb1 62. Qh2 Kd7 63. Qh7 Qg1+ 64. Kf3 Qf1+ 65. Kg3 Qe1+ 66.
Kh2 Qf2+ 67. Ng2 Qf8 68. Kg3 Nc6 69. Nh4 Ne7 70. Qh5 Qf1 71. Qf3 Qg1+ 0-1

[Event "27th Budapest Spring Festival"]
[Site "Budapest, Hungary"]
[Date "2011.03.21"]
[Round "5"]
[White "Kabai, Zsuzsanna"]
[Black "Juhasz, Kristof"]
[Result "0-1"]
[WhiteElo "2148"]
[BlackElo "2272"]
[PlyCount "102"]
[EventDate "2011.??.??"]

1. c4 Nf6 2. Nf3 e6 3. g3 d5 4. Bg2 d4 5. e3 c5 6. exd4 cxd4 7. O-O Nc6 8. Re1
Bd6 9. d3 O-O 10. a3 a5 11. Nbd2 h6 12. Qc2 e5 13. b3 Re8 14. Bb2 Bf5 15. Nh4
Bh7 16. Ne4 Nxe4 17. Bxe4 g6 18. Qd2 Bf8 19. f4 exf4 20. Qxf4 Bg7 21. Nf3 Qd7
22. Kg2 g5 23. Bxh7+ Kxh7 24. Qd2 Re3 25. Qc2 Rae8 26. Rxe3 Rxe3 27. Re1 Rxe1
28. Nxe1 Ne5 29. Qe2 f5 30. Bc1 Kg6 31. h3 Bf6 32. Bd2 Qd6 33. b4 axb4 34. axb4
b5 35. c5 Qd5+ 36. Kg1 Qa2 37. Kf2 Kg7 38. Nf3 Nc6 39. Ne1 Qb2 40. Nf3 Nxb4 41.
Ne5 Nd5 42. Nd7 Nc3 43. Qe1 Nb1 44. Ke2 Qc2 45. Qc1 Nc3+ 46. Kf1 Qxd3+ 47. Kg2
Qe2+ 48. Kg1 Ne4 49. Be1 d3 50. Nxf6 d2 51. Bxd2 Nxd2 0-1

[Event "27th Budapest Spring Festival"]
[Site "Budapest, Hungary"]
[Date "2011.03.21"]
[Round "5"]
[White "Szalanczy, Emil"]
[Black "Boguszlavszkij, Jevgenyij"]
[Result "0-1"]
[WhiteElo "2269"]
[BlackElo "2254"]
[PlyCount "194"]
[EventDate "2011.??.??"]

1. e4 c6 2. d4 d5 3. e5 g6 4. h3 Bg7 5. Nf3 c5 6. dxc5 Nc6 7. Bb5 e6 8. O-O
Nge7 9. Nc3 O-O 10. Re1 Qc7 11. Bg5 Kh8 12. Bf1 a6 13. Qd2 Ng8 14. Qf4 Qa5 15.
Bf6 Bxf6 16. exf6 Qd8 17. Na4 Qxf6 18. Qd6 Rd8 19. Qc7 Qe7 20. Qg3 Nf6 21. Qh4
Ng8 22. Qg3 Nf6 23. Qh4 Ng8 24. Qf4 Qf6 25. Qg3 Rb8 26. c3 Bd7 27. Nb6 Be8 28.
Rad1 Nge7 29. Nd4 Nf5 30. Nxf5 gxf5 31. f4 Ne7 32. Rd4 Bc6 33. Qe3 Ng6 34. b4
Bb5 35. a4 Bxf1 36. Rxf1 Qe7 37. a5 Qc7 38. Rf2 Ne7 39. Rd3 Nc6 40. Qd2 Qe7 41.
Rff3 Qf6 42. Rg3 Qh4 43. Qf2 Qe7 44. Rg5 Rg8 45. Rdg3 Rg6 46. h4 Rbg8 47. Rxg6
Rxg6 48. Nc8 Qxh4 49. Rxg6 Qxf2+ 50. Kxf2 hxg6 51. Nd6 d4 52. cxd4 Nxb4 53.
Nxb7 Nc6 54. Ke3 Kg7 55. Kd3 Kf8 56. Kc4 Ke7 57. g3 Kd7 58. d5 exd5+ 59. Kxd5
Nb4+ 60. Ke5 Ke7 61. c6 f6+ 62. Kd4 Nxc6+ 63. Kd5 Nb8 64. Nc5 g5 65. Nb3 gxf4
66. gxf4 Nd7 67. Nd4 Nf8 68. Nxf5+ Kd7 69. Nd4 Ng6 70. f5 Ne7+ 71. Kc5 Kc7 72.
Ne6+ Kb7 73. Nd4 Kc7 74. Ne6+ Kb7 75. Ng7 Nc6 76. Ne8 Nxa5 77. Nxf6 Kc7 78. Kd5
Nb7 79. Ke6 Nc5+ 80. Ke7 Kc6 81. Ng4 Ne4 82. Nf2 Nxf2 83. f6 Ng4 84. f7 Ne5 85.
f8=N a5 86. Ne6 a4 87. Nd4+ Kc5 88. Nc2 Kc4 89. Ke6 Nc6 90. Kd6 Nd4 91. Na3+
Kb3 92. Nb1 Kb4 93. Kd5 Nb5 94. Ke5 Nc3 95. Nd2 a3 96. Nf3 Nb5 97. Ne1 Kc3 0-1

[Event "27th Budapest Spring Festival"]
[Site "Budapest, Hungary"]
[Date "2011.03.21"]
[Round "5"]
[White "Kahn, Evarth Dr"]
[Black "Carlstedt, Jonathan"]
[Result "1/2-1/2"]
[WhiteElo "2253"]
[BlackElo "2386"]
[PlyCount "29"]
[EventDate "2011.??.??"]

1. d4 d5 2. Nf3 e6 3. c4 c5 4. cxd5 exd5 5. g3 Nf6 6. Bg2 Be7 7. O-O O-O 8. Nc3
Nc6 9. dxc5 Bxc5 10. Bg5 d4 11. Ne4 Be7 12. Bxf6 Bxf6 13. Qd2 Re8 14. Nxf6+
Qxf6 15. Rfd1 1/2-1/2

[Event "27th Budapest Spring Festival"]
[Site "Budapest, Hungary"]
[Date "2011.03.21"]
[Round "5"]
[White "Medvegyne Balogh, Emese"]
[Black "Koczo, Kristof"]
[Result "1/2-1/2"]
[WhiteElo "2095"]
[BlackElo "2264"]
[PlyCount "91"]
[EventDate "2011.??.??"]

1. e4 c5 2. b3 b6 3. Bb2 Bb7 4. Nc3 Nc6 5. Nf3 d6 6. d4 cxd4 7. Nxd4 Nxd4 8.
Qxd4 Bc6 9. g3 Nf6 10. Nd5 Nxd5 11. exd5 e5 12. Qe3 Bd7 13. f4 f6 14. O-O-O Be7
15. h4 b5 16. Bh3 Bxh3 17. Rxh3 Qd7 18. g4 O-O-O 19. Kb1 Kb7 20. Rh2 Rc8 21. g5
Bd8 22. gxf6 gxf6 23. fxe5 fxe5 24. Rg2 Bb6 25. Qd3 Rhg8 26. Rxg8 Rxg8 27. Rf1
Rg4 28. h5 b4 29. a3 a5 30. Qf5 Qxf5 31. Rxf5 Rg1+ 32. Ka2 Rg7 33. axb4 axb4
34. Rf6 Bc5 35. h6 Re7 36. Kb1 Kc7 37. c3 bxc3 38. Bxc3 Kd7 39. Kc2 e4 40. Kd1
Bg1 41. Ke2 Bh2 42. Ke3 Bg3 43. Re6 Rxe6 44. dxe6+ Kxe6 45. Kxe4 d5+ 46. Kf3
1/2-1/2

[Event "27th Budapest Spring Festival"]
[Site "Budapest, Hungary"]
[Date "2011.03.21"]
[Round "5"]
[White "Teglas, Balazs"]
[Black "Tran, Minh Thang"]
[Result "0-1"]
[WhiteElo "2202"]
[BlackElo "2077"]
[PlyCount "136"]
[EventDate "2011.??.??"]

1. d4 e6 2. Bf4 f5 3. e3 Nf6 4. Nf3 b6 5. Nbd2 Bb7 6. Be2 Be7 7. h3 O-O 8. O-O
c5 9. c3 Nc6 10. dxc5 bxc5 11. Nc4 d5 12. Nce5 Nd7 13. Qb3 Bf6 14. Qxb7 Ndxe5
15. Nxe5 Nxe5 16. Qa6 Qb6 17. Qa3 c4 18. Rfd1 g5 19. Bh2 f4 20. exf4 gxf4 21.
Bxf4 Bh4 22. Bxe5 Qxf2+ 23. Kh1 Qxe2 24. Qd6 Rae8 25. Rd4 Bf6 26. Rg4+ Kh8 27.
Bxf6+ Rxf6 28. Qg3 Qf2 29. Qe5 Rg8 30. Rxg8+ Kxg8 31. Re1 Rg6 32. Re2 Qf7 33.
Kh2 h6 34. Re3 Qg7 35. g4 Qxe5+ 36. Rxe5 Kf7 37. Kg3 Kf6 38. Re2 h5 39. Rf2+
Ke7 40. Kh4 hxg4 41. hxg4 e5 42. Kh5 Rf6 43. Re2 Kd6 44. g5 Rf1 45. g6 Rg1 46.
b3 d4 47. cxd4 exd4 48. bxc4 Rg3 49. Re4 d3 50. Re8 Kc5 51. Rc8+ Kb4 52. Kh6
Rg1 53. a3+ Kc3 54. c5 d2 55. Rd8 Rh1+ 56. Kg5 Rg1+ 57. Kf6 Rf1+ 58. Kg5 Rg1+
59. Kf5 Rf1+ 60. Ke4 Re1+ 61. Kf4 Rf1+ 62. Ke3 d1=Q 63. Rxd1 Rxd1 64. c6 Rd8
65. Ke4 Kc4 66. Ke5 Kc5 67. c7 Rc8 68. g7 Kc6 0-1

[Event "27th Budapest Spring Festival"]
[Site "Budapest, Hungary"]
[Date "2011.03.21"]
[Round "5"]
[White "Hradeczky, Tamas"]
[Black "Juhasz, Armin"]
[Result "1/2-1/2"]
[WhiteElo "2260"]
[BlackElo "2037"]
[PlyCount "84"]
[EventDate "2011.??.??"]

1. e4 c6 2. d4 d5 3. exd5 cxd5 4. c4 Nf6 5. Nc3 Nc6 6. cxd5 Nxd5 7. Bc4 e6 8.
Nf3 Be7 9. O-O O-O 10. a3 Bf6 11. Ne4 h6 12. Qd3 Bd7 13. Bd2 Nce7 14. Ba2 a6
15. Nc3 Nxc3 16. bxc3 b5 17. Bf4 Ng6 18. Bb1 Re8 19. Bg3 Bc6 20. Re1 Bd5 21. a4
Qd7 22. Bc2 Qc6 23. Qe3 Nf8 24. Be5 Be7 25. Bxg7 Kxg7 26. Ne5 Qb7 27. Qg3+ Bg5
28. h4 f6 29. hxg5 hxg5 30. Nd3 Qb8 31. Qh3 Ng6 32. Nc5 f5 33. Qg3 Qxg3 34.
fxg3 Nf8 35. Bd3 bxa4 36. Bxa6 Bc6 37. Bc4 Kf6 38. Re2 Re7 39. Nd3 Nd7 40. Nb4
Be4 41. Rea2 Nb6 42. Bb5 Bd5 1/2-1/2

[Event "27th Budapest Spring Festival"]
[Site "Budapest, Hungary"]
[Date "2011.03.21"]
[Round "5"]
[White "Horvath, David"]
[Black "Bea, Boglarka"]
[Result "1/2-1/2"]
[WhiteElo "2309"]
[BlackElo "2109"]
[PlyCount "91"]
[EventDate "2011.??.??"]

1. c4 c5 2. Nf3 Nc6 3. d4 cxd4 4. Nxd4 e6 5. g3 Nf6 6. Bg2 Be7 7. O-O O-O 8.
Nc3 a6 9. e4 Qc7 10. h3 h6 11. Be3 d6 12. Rc1 Bd7 13. Nd5 exd5 14. cxd5 Rfd8
15. b4 Rac8 16. dxc6 bxc6 17. Qb3 Qb7 18. a3 Bf8 19. Rc2 Re8 20. Qd3 d5 21.
exd5 cxd5 22. Rfc1 Ne4 23. Bf1 Rxc2 24. Rxc2 Ra8 25. Bf4 Bd6 26. Bxd6 Nxd6 27.
Rc5 Ne4 28. Ra5 Bc8 29. Bg2 Ra7 30. Nb3 Be6 31. Qd4 Ra8 32. Kh2 Qc6 33. f3 Nd6
34. Rc5 Qa4 35. Qc3 Nb5 36. Qb2 Qxa3 37. Qxa3 Nxa3 38. Nd4 Nc4 39. f4 Ne3 40.
f5 Nxf5 41. Nxf5 Bxf5 42. Bxd5 Ra7 43. Bc4 Be6 44. Bxe6 fxe6 45. Ra5 Rb7 46.
Rxa6 1/2-1/2

[Event "27th Budapest Spring Festival"]
[Site "Budapest, Hungary"]
[Date "2011.03.21"]
[Round "5"]
[White "Werner, Dimo"]
[Black "Szajbely, Zsigmond"]
[Result "1/2-1/2"]
[WhiteElo "2272"]
[BlackElo "2074"]
[PlyCount "120"]
[EventDate "2011.??.??"]

1. d4 Nf6 2. c4 c5 3. d5 b5 4. cxb5 a6 5. bxa6 Bxa6 6. Nc3 g6 7. Nf3 d6 8. e4
Bxf1 9. Kxf1 Bg7 10. g3 O-O 11. Kg2 Qa5 12. h3 Nbd7 13. Re1 Rfb8 14. Re2 Nb6
15. e5 Ne8 16. Bf4 Nc4 17. Qc1 Qa6 18. Rb1 Nc7 19. exd6 exd6 20. Bh6 Re8 21.
Bxg7 Kxg7 22. Rxe8 Rxe8 23. Qf4 Ne5 24. Nxe5 Rxe5 25. Rd1 Qb7 26. Qd2 Qb4 27.
b3 f6 28. Qd3 Qb7 29. Qc4 f5 30. Kg1 h6 31. Kh2 Kh7 32. Rd2 Qb4 33. Kg2 Qa5 34.
Re2 Rxe2 35. Qxe2 Qxc3 36. Qe7+ Qg7 37. Qxd6 Qf7 38. Qxc5 Qxd5+ 39. Qxd5 Nxd5
40. Kf3 Kg7 41. a4 Kf6 42. Ke2 Ke5 43. Kd3 Kd6 44. Kd4 Nf6 45. b4 Ne4 46. g4
Nxf2 47. gxf5 gxf5 48. h4 Ng4 49. b5 Ne5 50. a5 Nd7 51. b6 Kc6 52. Kc4 Ne5+ 53.
Kd4 Nf3+ 54. Ke3 Nxh4 55. Kf4 Kb7 56. Ke5 h5 57. Kf4 Kc6 58. Kg5 Nf3+ 59. Kxf5
Nd4+ 60. Kg5 Nb3 1/2-1/2

[Event "27th Budapest Spring Festival"]
[Site "Budapest, Hungary"]
[Date "2011.03.21"]
[Round "5"]
[White "Ngo Tan, Don"]
[Black "Heyl, Thomas"]
[Result "1/2-1/2"]
[WhiteElo "2141"]
[BlackElo "2050"]
[PlyCount "67"]
[EventDate "2011.??.??"]

1. Nf3 d5 2. d4 Nf6 3. g3 c6 4. Bg2 Bf5 5. O-O h6 6. c4 e6 7. Qb3 Qb6 8. c5
Qxb3 9. axb3 Na6 10. Bd2 g5 11. Ne5 Bg7 12. b4 Nc7 13. Nc3 Ne4 14. Bxe4 Bxe4
15. f4 g4 16. Nxe4 dxe4 17. Nc4 Nb5 18. e3 f5 19. Bc3 O-O 20. Kg2 Rad8 21. h3
h5 22. hxg4 hxg4 23. Rh1 Rf7 24. Rh5 Rdd7 25. Rg5 Kf8 26. Rg6 Rf6 27. Rxf6+
Bxf6 28. Rh1 Kg7 29. Rc1 Rd8 30. Rh1 Rd7 31. Na5 Kg6 32. Kf2 Bd8 33. Nc4 Bf6
34. Kg2 1/2-1/2

[Event "27th Budapest Spring Festival"]
[Site "Budapest, Hungary"]
[Date "2011.03.21"]
[Round "5"]
[White "Papa, Kassim"]
[Black "Borda, Lajos"]
[Result "0-1"]
[WhiteElo "1919"]
[BlackElo "2135"]
[PlyCount "70"]
[EventDate "2011.??.??"]

1. e4 c5 2. Nf3 a6 3. Nc3 b5 4. d4 cxd4 5. Nxd4 Bb7 6. Bd3 g6 7. Be3 d6 8. f4
Nd7 9. Nf3 Bg7 10. O-O Ngf6 11. Bd4 O-O 12. Qe2 b4 13. Na4 e5 14. fxe5 dxe5 15.
Bf2 Ng4 16. Bh4 Bf6 17. Be1 Be7 18. h3 Nc5 19. Bxb4 Nxd3 20. Qxd3 Bxb4 21. hxg4
Bc6 22. Qc4 Bxa4 23. Qxb4 Bxc2 24. Qc3 Bxe4 25. Nxe5 Rc8 26. Qe3 Qd5 27. Nf3
Rc2 28. Rfd1 Qb7 29. b3 Rfc8 30. Rd4 Bxf3 31. gxf3 Qc7 32. f4 Qc6 33. Qf3 Rc1+
34. Rxc1 Qxc1+ 35. Kg2 Rc2+ 0-1

[Event "27th Budapest Spring Festival"]
[Site "Budapest, Hungary"]
[Date "2011.03.21"]
[Round "5"]
[White "Tran, Tuan Minh"]
[Black "Havaskori, Laszlo"]
[Result "1-0"]
[WhiteElo "2295"]
[BlackElo "2106"]
[PlyCount "77"]
[EventDate "2011.??.??"]

1. d4 Nf6 2. Bf4 c5 3. e3 d5 4. Nc3 a6 5. dxc5 Nc6 6. Na4 e5 7. Bg5 Bxc5 8.
Nxc5 Qa5+ 9. c3 Qxc5 10. Bxf6 gxf6 11. Bd3 Be6 12. Qh5 O-O-O 13. Ne2 Qf8 14.
Bf5 Ne7 15. Bh3 Qg7 16. Ng3 Qg6 17. Qh4 Bxh3 18. Qxh3+ Kb8 19. O-O h5 20. f4
Qd3 21. Qh4 Qxe3+ 22. Kh1 e4 23. Qxf6 h4 24. Rae1 Qd2 25. Ne2 Nc6 26. h3 Rdg8
27. f5 Rh7 28. Nf4 Qc2 29. Re2 Qa4 30. Qd6+ Ka7 31. Qc5+ Kb8 32. Nxd5 Rd8 33.
Nf6 Rd1 34. Qg1 Rxf1 35. Qxf1 Rh8 36. b3 Qa5 37. Qf4+ Ka8 38. c4 Nd4 39. Rxe4
1-0

[Event "27th Budapest Spring Festival"]
[Site "Budapest, Hungary"]
[Date "2011.03.21"]
[Round "5"]
[White "Meixner, Ferenc"]
[Black "Somogyi, Istvan"]
[Result "1/2-1/2"]
[WhiteElo "2072"]
[BlackElo "2176"]
[PlyCount "107"]
[EventDate "2011.??.??"]

1. e4 c5 2. Nf3 Nc6 3. d4 cxd4 4. c3 d5 5. exd5 Qxd5 6. cxd4 e6 7. Nc3 Qd8 8.
Bd3 Nf6 9. O-O Be7 10. Bf4 O-O 11. Rc1 Nb4 12. Bb1 b6 13. Qe2 Bb7 14. Rfd1 Rc8
15. Bg3 Nbd5 16. Ne4 Nxe4 17. Qxe4 g6 18. Qe2 Bf6 19. Be5 Qe7 20. Be4 Rfd8 21.
Ne1 Bxe5 22. dxe5 Rxc1 23. Rxc1 Qg5 24. Rd1 Qxe5 25. Nd3 Nc3 26. bxc3 Qxe4 27.
Qxe4 Bxe4 28. Nb2 Rxd1+ 29. Nxd1 Bd5 30. a3 e5 31. Ne3 Bb3 32. Ng4 Kf8 33. Nxe5
Bd5 34. f4 Ke7 35. Kf2 f6 36. Nd3 Kd6 37. g3 Bc4 38. Nb2 Kd5 39. Ke3 Bf1 40.
Kf2 Bb5 41. Ke3 g5 42. fxg5 fxg5 43. Kf3 Bd7 44. Ke3 h5 45. Kd3 Bf5+ 46. Ke3 b5
47. Kf3 a5 48. Ke3 Bc2 49. Kd2 Bb1 50. Ke3 Bf5 51. Kf3 Be6 52. Ke3 Bf5 53. Kf3
Ke5 54. Ke3 1/2-1/2

[Event "27th Budapest Spring Festival"]
[Site "Budapest, Hungary"]
[Date "2011.03.21"]
[Round "5"]
[White "Lee, Kai Jie Edward"]
[Black "Mester, Attila"]
[Result "1-0"]
[WhiteElo "1913"]
[BlackElo "2107"]
[PlyCount "115"]
[EventDate "2011.??.??"]

1. e4 Nf6 2. e5 Nd5 3. d4 d6 4. c4 Nb6 5. exd6 cxd6 6. Nc3 g6 7. Be3 Bg7 8. Rc1
O-O 9. b3 f5 10. g3 Nc6 11. Nge2 e5 12. d5 Ne7 13. Qd2 Rf7 14. Bg2 f4 15. gxf4
Nf5 16. fxe5 Nh4 17. Rg1 Bxe5 18. Bg5 Nxg2+ 19. Rxg2 Qf8 20. f4 h6 21. Bxh6
Qxh6 22. Ne4 Bh3 23. Rg3 Bf6 24. Nxd6 Bh4 25. Nxf7 Bxg3+ 26. hxg3 Kxf7 27. Qd3
Re8 28. Qf3 Bf5 29. Kd2 Qh8 30. g4 Qb2+ 31. Kd1 Be4 32. Qc3 Qxa2 33. Ra1 Bc2+
34. Kc1 Qxb3 35. Qxc2 Qxc2+ 36. Kxc2 Rxe2+ 37. Kd3 Re7 38. Rxa7 Nc8 39. Ra1 b6
40. Rb1 Rc7 41. Kd4 Rc5 42. g5 Ke7 43. Re1+ Kd7 44. Ke5 Rxc4 45. Rh1 Ne7 46.
Rh7 Rc5 47. Kf6 Rxd5 48. Rxe7+ Kd8 49. Re5 Rd6+ 50. Kf7 Rc6 51. f5 gxf5 52. g6
Rc7+ 53. Kf8 Rc6 54. Rd5+ Kc7 55. g7 Rf6+ 56. Ke7 Rg6 57. Kf7 Rg2 58. Rxf5 1-0

[Event "27th Budapest Spring Festival"]
[Site "Budapest, Hungary"]
[Date "2011.03.21"]
[Round "5"]
[White "Halak, Miklos"]
[Black "Ruck, Robert"]
[Result "1-0"]
[WhiteElo "2062"]
[BlackElo "1914"]
[PlyCount "41"]
[EventDate "2011.??.??"]

1. e4 c5 2. b3 b6 3. Bc4 e6 4. Qe2 Bb7 5. Bb2 a6 6. a4 Nf6 7. Nc3 d6 8. Nf3
Nbd7 9. O-O Be7 10. d4 cxd4 11. Nxd4 O-O 12. Qe3 Qc7 13. Qh3 Rfe8 14. Rfe1 Rac8
15. Rad1 Qb8 16. f4 Rcd8 17. Nf3 e5 18. Bxf7+ Kxf7 19. Ng5+ Kg6 20. f5+ Kxg5
21. Bc1# 1-0

[Event "27th Budapest Spring Festival"]
[Site "Budapest, Hungary"]
[Date "2011.03.21"]
[Round "5"]
[White "Frih, Ameur"]
[Black "Tessedik, Karoly"]
[Result "1-0"]
[WhiteElo "2095"]
[BlackElo "1883"]
[PlyCount "63"]
[EventDate "2011.??.??"]

1. e4 c5 2. Nf3 d6 3. g3 Nc6 4. Bg2 g6 5. O-O Bg7 6. d3 Bg4 7. h3 Bd7 8. c3 h5
9. Re1 Qc8 10. Kh2 Ne5 11. Nxe5 dxe5 12. Na3 Nf6 13. Nc4 Nh7 14. f4 exf4 15.
gxf4 Qc7 16. e5 Rd8 17. Nd6+ Kf8 18. Ne4 Bf5 19. Be3 b6 20. a4 Qd7 21. a5 Bh6
22. axb6 axb6 23. d4 cxd4 24. Qxd4 Qxd4 25. cxd4 Rc8 26. Rec1 Kg7 27. d5 f6 28.
exf6+ Nxf6 29. Nxf6 exf6 30. Ra7+ Kg8 31. Rxc8+ Bxc8 32. d6 1-0

[Event "27th Budapest Spring Festival"]
[Site "Budapest, Hungary"]
[Date "2011.03.21"]
[Round "5"]
[White "Grimm, Daniel"]
[Black "Yin, Stanley"]
[Result "0-1"]
[WhiteElo "1997"]
[BlackElo "2005"]
[PlyCount "72"]
[EventDate "2011.??.??"]

1. e4 c6 2. d4 Na6 3. Nc3 Nc7 4. Be3 d6 5. Qd2 Nf6 6. f3 Be6 7. Nge2 b5 8. Nf4
Bc4 9. Nd3 a5 10. b3 Be6 11. Nf4 Bd7 12. e5 b4 13. exf6 bxc3 14. Qxc3 gxf6 15.
Qd3 e5 16. Ne2 Nd5 17. Bd2 Qc8 18. Ng3 f5 19. c4 Nb4 20. Bxb4 axb4 21. Be2 h5
22. Bd1 Bg7 23. Bc2 f4 24. Ne4 Qc7 25. c5 d5 26. Nd6+ Kf8 27. Qd2 Rh6 28. Qxb4
exd4 29. Bd3 Re6+ 30. Kd2 Be5 31. Rhe1 Rb8 32. Qa4 Qd8 33. Nf5 Qg5 34. Qa7 Rd8
35. Re2 Bb8 36. Qa6 Rxe2+ 0-1

[Event "27th Budapest Spring Festival"]
[Site "Budapest, Hungary"]
[Date "2011.03.21"]
[Round "5"]
[White "Peczely, Sebastian Zsombor"]
[Black "Juracsik, Jozsef"]
[Result "1-0"]
[WhiteElo "1929"]
[BlackElo "2228"]
[PlyCount "108"]
[EventDate "2011.??.??"]

1. e4 c5 2. Nf3 d6 3. d4 cxd4 4. Nxd4 Nf6 5. Nc3 a6 6. f3 e6 7. Be3 Nc6 8. Qd2
Be7 9. O-O-O O-O 10. g4 Nxd4 11. Bxd4 Nd7 12. h4 b5 13. h5 b4 14. Nb1 a5 15. f4
Bb7 16. g5 e5 17. Be3 exf4 18. Bxf4 Ne5 19. Qg2 Qc7 20. Bxe5 dxe5 21. Nd2 Rad8
22. g6 h6 23. gxf7+ Kh8 24. Kb1 a4 25. Bd3 b3 26. axb3 axb3 27. Nxb3 Bg5 28.
Rdf1 Qb6 29. Rh3 Ra8 30. Rg3 Qd8 31. Bc4 Ra4 32. Bd3 Bc8 33. Bb5 Rb4 34. Bc6
Be6 35. Bd5 Bxd5 36. exd5 e4 37. Rd1 Rxf7 38. Rg4 Re7 39. Qe2 Bf6 40. Qe3 Qd6
41. Qf2 Re5 42. Rg6 Kh7 43. Rg4 Rb5 44. Re1 Rbxd5 45. Rexe4 Rd1+ 46. Ka2 Qa6+
47. Ra4 Qe6 48. Qf3 Ree1 49. Rgc4 Rb1 50. Qd3+ Kg8 51. Ra8+ Kf7 52. Qg6+ Ke7
53. Qe8+ Kd6 54. Ra6+ Kd5 1-0

[Event "27th Budapest Spring Festival"]
[Site "Budapest, Hungary"]
[Date "2011.03.21"]
[Round "5"]
[White "Pogats, Jozsef Jr"]
[Black "Zala, Gyula"]
[Result "0-1"]
[WhiteElo "1924"]
[BlackElo "2074"]
[PlyCount "92"]
[EventDate "2011.??.??"]

1. d4 d5 2. Nf3 e6 3. g3 f5 4. Bg2 Nf6 5. O-O c6 6. c4 Be7 7. b3 O-O 8. Bb2 Qe8
9. Nbd2 Nbd7 10. Ng5 Bd6 11. f3 h6 12. Nh3 g5 13. Nf2 f4 14. g4 Rf7 15. Re1 Nf8
16. e3 fxe3 17. Rxe3 Qd8 18. Re1 Bc7 19. Nd3 Ng6 20. Ne5 Bxe5 21. dxe5 Nd7 22.
cxd5 Qb6+ 23. Kh1 cxd5 24. Nf1 Nf4 25. Bd4 Qb5 26. Ne3 Nxg2 27. Kxg2 Nf8 28. a4
Qe8 29. Kg1 Ng6 30. Ng2 Bd7 31. Qd2 Bc6 32. Qe3 b6 33. Rf1 Nf4 34. Nxf4 Rxf4
35. Qf2 Qg6 36. Be3 Rf7 37. Rad1 Raf8 38. Rd4 Bb7 39. Qg3 Ba6 40. Rf2 Qb1+ 41.
Kg2 Qxb3 42. f4 Bd3 43. h4 Be4+ 44. Kh3 Qb1 45. hxg5 hxg5 46. Rxe4 Rh7+ 0-1

[Event "27th Budapest Spring Festival"]
[Site "Budapest, Hungary"]
[Date "2011.03.22"]
[Round "6"]
[White "Kantor, Gergely"]
[Black "Bach, Matthias"]
[Result "0-1"]
[WhiteElo "2147"]
[BlackElo "2290"]
[PlyCount "100"]
[EventDate "2011.??.??"]

1. d4 Nf6 2. c4 g6 3. Nc3 Bg7 4. e4 d6 5. Nf3 O-O 6. h3 c5 7. d5 a6 8. a4 e6 9.
Bd3 Nbd7 10. O-O e5 11. Bg5 h6 12. Be3 Kh7 13. Nd2 Ng8 14. Qe2 Ne7 15. a5 f5
16. f3 f4 17. Bf2 g5 18. Rfb1 Ng6 19. b4 cxb4 20. Rxb4 h5 21. Nb3 g4 22. Kf1
gxh3 23. gxh3 Nf6 24. h4 Qd7 25. Qe1 Ng4 26. Bg1 Ne3+ 27. Ke2 Qh3 28. Kd2 Nxh4
29. Be2 Nxf3+ 30. Bxf3 Qxf3 31. Ra2 Ng2 32. Qf2 Qxf2+ 33. Bxf2 f3 34. c5 Bh6+
35. Kc2 Be3 36. Nd1 dxc5 37. Nxc5 Bf4 38. Nd3 h4 39. Nxf4 Rxf4 40. Ra1 Kg6 41.
Ne3 Bd7 42. Rb6+ Kg5 43. Rxb7 Rxe4 44. Rxd7 Rc8+ 45. Kb3 Nxe3 46. Rd6 Rc5 47.
Rg1+ Kf5 48. Rh6 Rxd5 49. Rxa6 Rb5+ 50. Kc3 Nd5+ 0-1

[Event "27th Budapest Spring Festival"]
[Site "Budapest, Hungary"]
[Date "2011.03.22"]
[Round "6"]
[White "Juhasz, Kristof"]
[Black "Toth, Ervin"]
[Result "1/2-1/2"]
[WhiteElo "2272"]
[BlackElo "2424"]
[PlyCount "81"]
[EventDate "2011.??.??"]

1. d4 Nf6 2. c4 g6 3. Nf3 Bg7 4. g3 O-O 5. Bg2 d6 6. O-O Nbd7 7. Nc3 e5 8. e4
c6 9. h3 Qb6 10. Re1 exd4 11. Nxd4 Re8 12. Re2 Nc5 13. Be3 Qa6 14. Qb1 Ne6 15.
Qd3 Nc5 16. Qb1 Nfd7 17. b3 Ne6 18. Nxe6 Rxe6 19. Qc2 Nc5 20. Rd1 Qa5 21. Bd4
Bf8 22. f4 Re8 23. Qb2 Ne6 24. Bf6 Qc7 25. Red2 a5 26. Kh2 h5 27. e5 dxe5 28.
Bxe5 Qb6 29. Ne4 Be7 30. Nf6+ Bxf6 31. Bxf6 Qc5 32. Rd6 Kh7 33. a4 Nc7 34. Rd8
Bf5 35. Rxa8 Rxa8 36. Re1 Re8 37. Rxe8 Nxe8 38. Bd4 Qd6 39. Qf2 f6 40. Qe3 Ng7
41. Bc3 1/2-1/2